000 00731nam a2200241Ia 4500
005 20170225144224.0
008 140110s9999 xx 000 0 und d
020 _a9788131303610
_c895.00
040 _aLoreto College
041 _aEnglish
082 _a371.33
_bSIN
100 _aSingh, Y.K.
245 _aEducational technology
_bManagement and planning
_cY.K. Singh, T.K. Sharma and Brijesh Upadhya
260 _aNew Delhi
_bA P H Publishing
_c2016
300 _avi,271p.
_b22cm
504 _aIncludes bibliographical references
650 _aEducational technology
650 _aMethods of instruction and study
700 _aSharma, T.K.
_4Auth
700 _aUpadhya,Brijesh
_4Auth
850 _aLCBED
942 _cBK
999 _c40912
_d91391